Statistics for All 1M+ Cities by Letter - H

Click here to take the quiz!

General Stats

  • This quiz has been taken 261 times
  • The average score is 17 of 28

Answer Stats

Country (State)Population (Millions)City Name% Correct
USA (Texas)6.6Houston
100%
Germany2.875Hamburg
99%
Vietnam8.6Ho Chi Minh City
99%
Vietnam3.9Hanoi
98%
Cuba2.225Havana
98%
Finland1.29Helsinki
97%
Zimbabwe2.05Harare
95%
USA (Hawaii)1Honolulu
94%
China (Autonomous Territory)7.5Hong Kong
89%
India (Telangana)9.9Hyderabad
85%
USA (Connecticut)1.69Hartford
78%
Germany1.15Hanover
77%
Japan1.88Hiroshima
73%
China (Zhejiang)8.3Hangzhou
72%
USA (Pennsylvania)1.33Harrisburg
72%
China (Heilongjiang)5.2Harbin
67%
China (Anhui)4.8Hefei
57%
Pakistan2.2Hyderabad
57%
China (Inner Mongolia)1.86Hohhot
30%
China (Hainan)1.86Haikou
28%
China (Guangdong)2.75Huizhou
27%
Japan1.32Hamamatsu
24%
China (Anhui)2Huainan
24%
China (Jiangsu)1.99Huai'an
20%
China (Hebei)1.59Handan
16%
China (Hunan)1.76Hengyang
14%
India (Karnataka)1.12Hubli Dharwad
14%
China (Anhui)1.47Huaibei
13%

Score Distribution

Percentile by Number Answered

Percent of People with Each Score

Your Score History

You have not taken this quiz